000 02425nam0a2200409 i 4500
001 RU\NLR\BIBL_A\011104615
005 20260408195507.0
010 _a9785856301358
_9120
021 _aRU
_b2016-24413
_91552
035 _a(NILC)RuMoRGB-008260507
035 _a(NLR Aleph) 011104615
090 _a11439562
_c11439562
100 _a20160419d2015 k y0rusy50 ca
101 0 _arus
102 _aRU
105 _aa|||z|||000yy
200 1 _aРоль методической культуры учителя в образовании школьников коренных малочисленных народов Севера
_e(методический, социальный, рефлексивный аспекты) : монография
_fО.И. Артеменко, А.Л. Бугаёва, Д.М. Насилов
_gпод общ. ред. чл.-кор. РАО М.Н. Кузьмина
_gМ-во образования и науки Рос. Федерации, Федер. ин-т развития образования, Центр этнокультур. стратегии образования, Науч. совет по нац. проблемам образования Отд-ния образования и культуры РАО, Секция геополитики и безопасности РАЕН
210 _aМосква
_cФедеральный институт развития образования (ФИРО)
_d2015
215 _a114 с.
_cил.
_d21
320 _aБиблиогр.: с. 103-109 (95 назв.)
606 _aУчителя
_xПрофессиональная деятельность
_92215961
_3RU\NLR\AUTH\661330904
606 _aНароды Севера Российской Федерации
_xОбразование
_3RU\NLR\AUTH\661397011
_92336736
610 0 _aкоренные народы Севера
610 0 _aнациональные школы
675 _a373
686 1 _aЧ34(2Р31)
686 1 _aЧ421.421
700 1 _aАртеменко
_bО. И.
_gОльга Ивановна
701 1 _aБугаева
_bА. Л.
_gАлла Львовна
701 1 _aНасилов
_bД.М.
_f1935-
_gДмитрий Михайлович
801 0 _aRU
_bРГБ
_c20160329
_gRCR
801 2 _aRU
_bРГБ
_c20160405
_grcr
801 1 _aRU
_bРГБ
_c20160329
_2rusmarc
942 _cBOOK
980 _aNBR